Score 0/32 Timer 06:00
0 Plays Today
Number of mentions Character % Correct
530Luke Skywalker
100%
537Han Solo
100%
197Leia Organa
100%
170C3-PO
100%
103R2-D2
100%
168Emperor Palpatine
100%
204Darth Vader
100%
116Jabba
100%
117Lando Calrissian
97.1%
129Chewbacca
97.1%
74Ben Kenobi
97.1%
36Yoda
97.1%
34Admiral Ackbar
97.1%
27Wedge Antilles
97.1%
11Boba Fett
94.3%
20Wicket W. Warrick
94.3%
Number of mentions Character % Correct
24Bib Fortuna
77.1%
7Mon Mothma
77.1%
10Admiral Piett
74.3%
5Salacious B. Crumb
71.4%
6Oola
65.7%
1Max Rebo
62.9%
23Moff Jerjerrod
57.1%
11Logray
48.6%
3Nien Nunb
45.7%
22Boushh
45.7%
12Chief Chirpa
45.7%
1EV-9D9
40%
17Paploo
37.1%
7General Madine
34.3%
22Teebo
28.6%
7Ephant Mon
5.7%
Remove Ads.
Support Sporcle.
Get the best of Sporcle when you Go Orange. This ad-free experience offers more features, more stats, and more fun while also helping to support Sporcle. Thank you for becoming a member.

You're not logged in!

Compare scores with friends on all Sporcle quizzes.
OR
Log In

Show Comments

Extras

Created Sep 27, 2019ReportNominate
Tags:Book Quiz, Star Wars Quiz

Top Quizzes Today


Score Distribution

Your Account Isn't Verified!

In order to create a playlist on Sporcle, you need to verify the email address you used during registration. Go to your Sporcle Settings to finish the process.

Report this User

Report this user for behavior that violates our Community Guidelines.

Details: